| 000 | 00583nam a22001937a 4500 | ||
|---|---|---|---|
| 999 |
_c192100 _d192100 |
||
| 005 | 20220912114637.0 | ||
| 010 | _aUR-11722 | ||
| 020 |
_c8176401603 _a160.00 |
||
| 035 | _aU-10277 | ||
| 037 |
_bDBAD/PUB _a- |
||
| 082 | _a841 | ||
| 100 | _aکشمیری لال شاکر | ||
| 245 |
_aاحساس / _cکشمیری لال شاکر _hا ر د و |
||
| 246 |
_aEhsaas / _bby Kashmiri Lal Shakir |
||
| 260 |
_aNew Delhi _bStar Publications _c2005 ء |
||
| 270 |
_a4/5B, Asaf Ali Road, _bNew Delhi _e110002 |
||
| 300 |
_aص _c22cm(Hb) |
||
| 942 |
_2ddc _cUR _h841 _mک ش م |
||